[Event "Zlin Region-chT 2223"]
[Site "Czech Republic"]
[Date "2023.02.26"]
[Round "9.1"]
[White "Rysanek, Jakub"]
[Black "Stuchly, Ondrej"]
[Result "1/2-1/2"]
[WhiteElo "1886"]
[BlackElo "2099"]
[PlyCount "38"]
[EventDate "2022.10.09"]
[EventType "team-tourn"]
[EventRounds "11"]
[EventCountry "CZE"]
[SourceTitle "EXT 2024"]
[Source "ChessBase"]
[SourceDate "2023.10.10"]
[SourceVersion "1"]
[SourceVersionDate "2023.10.10"]
[SourceQuality "1"]
[WhiteTeam "Valasske Mezirici"]
[BlackTeam "Stare Mesto  III"]
[WhiteTeamCountry "CZE"]
[BlackTeamCountry "CZE"]

1. e4 e6 2. d4 d5 3. Nd2 c5 4. Ngf3 Nc6 5. exd5 exd5 6. dxc5 Bxc5 7. Bd3 Bg4 8. 0-0 Nge7 9. Re1 f6 10. Nb3 Bd6 11. Be2 0-0 12. Nfd4 Bxe2 13. Qxe2 Qd7 14. Qe6+ Qxe6 15. Nxe6 Rfe8 16. Bf4 Ne5 17. Bg3 Kf7 18. Ned4 a6 19. Rad1 Rad8 1/2-1/2

[Event "Zlin Region-chT 2223"]
[Site "Czech Republic"]
[Date "2022.10.09"]
[Round "1.1"]
[White "Karlik, Vladimir"]
[Black "Rysanek, Jakub"]
[Result "1/2-1/2"]
[WhiteElo "2128"]
[BlackElo "1886"]
[PlyCount "61"]
[EventDate "2022.10.09"]
[EventType "team-tourn"]
[EventRounds "11"]
[EventCountry "CZE"]
[SourceTitle "EXT 2024"]
[Source "ChessBase"]
[SourceDate "2023.10.10"]
[SourceVersion "1"]
[SourceVersionDate "2023.10.10"]
[SourceQuality "1"]
[WhiteTeam "Kromeriz Slavia III"]
[BlackTeam "Valasske Mezirici"]
[WhiteTeamCountry "CZE"]
[BlackTeamCountry "CZE"]

1. d4 d5 2. Nf3 e6 3. Bf4 c5 4. e3 Bd6 5. Bg3 Nc6 6. c3 Nge7 7. Bd3 Ng6 8. Nbd2 Qe7 9. 0-0 0-0 10. dxc5 Bxg3 11. hxg3 Qxc5 12. e4 Nce5 13. Bc2 Nxf3+ 14. Nxf3 dxe4 15. Bxe4 Rb8 16. Qd4 Qxd4 17. Nxd4 Bd7 18. Rfd1 Rfd8 19. c4 Ne7 20. f4 Nf5 21. Bxf5 exf5 22. Rd2 Be6 23. b3 b5 24. c5 b4 25. Rad1 Rbc8 26. Nxe6 Rxd2 27. Rxd2 fxe6 28. Rc2 Kf7 29. Kf2 e5 30. Ke3 Ke6 31. c6 1/2-1/2